MDQL
is popping MORE tags! Check the
thread
!
Quizzes
Events
Quiz Creation
Community
Videos
Private Events
Remove Ads
Sign In
Join for FREE
Feedback
Dark Mode
Quiz Categories
Sports
Geography
Music
Movies
Television
Just For Fun
Miscellaneous
History
Literature
Language
Science
Gaming
Entertainment
Religion
Holiday
For Kids
Quiz Lab
Recent
Popular Today
Quiz Kudos Today
Editor Picks
Curator Picks
Quizzes by...
Day
Popularity
Type
Ratings
Length
Year
Community
Subscriptions
Recent Discussions
Orange Saloon
Badges
Playlists
Quests
Create
Leaderboards
Showdown
Live 5
Trivia Bingo
Activity
Puzzle Library
Sporcle Events
Private Events
Virtual Trivia
Globe League
Become a Host
Pub Owners
SporcleCon
Opinionation
Our Games
Videos
Blog
Mobile Apps
Partnerships
Remove Ads and Go Orange
Feedback
Language
Vocabulary
Begins and Ends
Definition
Spanish
French
German
Italian
Chinese
Latin
Translation
Japanese
Language
Vocabulary
Begins and Ends
Definition
Spanish
French
German
Italian
Chinese
Latin
Translation
Japanese
Random Quiz
Search Sporcle
×
Quiz Lab
Quiz Lab
Language
Translation
Type in answers that appear in a list
Type in answers that appear in a list
Classic
Best Score? Go Orange.
Sorry Seems to Be the Hardest Word Stats
Can you name the languages of the different translations of the word 'Sorry'?
By
LionKing
6m
25 Questions
129 Plays
129 Plays
129 Plays
Comments
Comments
Give Quiz Kudos
Give Quiz Kudos
-
- Ratings
hide this ad
Forced Order
Answers have to be entered in order
Answers have to be entered in order
Replay
Link that replays current quiz
Next Quiz
Link to next quiz in quiz playlist
You Got
0%
They Got
Avg Score
58%
Avg Friend Score
Upgrade to see
Score Distribution
Jump to the score distribution portion of the page
Score
0/25
Timer
06:00
0
Plays Today
Translation of Sorry
Language
% Correct
أسف (āsif)
Arabic
86%
Désolé
French
80.6%
抱歉 (duìbùqǐ)
Mandarin Chinese
79.8%
Простите (Prastite)
Russian
79.1%
Entschuldigung
German
79.1%
ごめんなさい (gomen nasai)
Japanese
78.3%
Συγνώμη (sygnómi)
Greek
75.2%
미안합니다! (mianhamnida)
Korean
75.2%
Scusi
Italian
73.6%
Het spijt me
Dutch
72.9%
סליחה (slicha)
Hebrew
67.4%
Perdón
Spanish
66.7%
Förlåt
Swedish
59.7%
Translation of Sorry
Language
% Correct
Przepraszam
Polish
55.8%
ผม(ฉัน)เสียใจ (pǒm (chân) sěe-
a jai)
Thai
55%
Özür dilerim
Turkish
53.5%
Undskyld
Danish
49.6%
Xin lỗi
Vietnamese
43.4%
זײַ מוחל (Zay moykhl)
Yiddish
38.8%
Anteeksi
Finnish
37.2%
Жао ми је (Žao mi je)
Serbian
37.2%
Bocsánat
Hungarian
34.1%
ბოდიში (bodishi)
Georgian
29.5%
Jammer
Afrikaans
29.5%
Ignosce mihi
Latin
28.7%
Quiz Playlist
Details
Report
Send in Message
Add To Playlist
Classic:
Type in answers that appear in a list
Forced Order:
Answers have to be entered in order
Quiz Source
Last Updated: Feb 16, 2017
Quiz Scoreboard
CHALLENGE
Sign Up to Join the Scoreboard
Show All
Scores
Hide
Comments
May contain spoilers
Recently Published
Colored Red Africa Blitz
by spor1
Geography
30s
Find the 'City' Movie
by crazypaving
Movies
60s
5x2 Blitz: Bands
by SL_Kpop136
Music
30s
More to Explore
Quiz From the Vault
Featured Blog Post
14 Easter Pick-up Lines to Find Eggs With
hide this ad
You Might Also Like...
Tags
Translation Quiz
Different
seem
Today's Top Quizzes in Language
Browse Language
hide this ad
Today's Top Quizzes in Translation
Browse Translation
Top Contributed Quizzes in Language
1
1-10 Letter F Words III
2
1-10 Letter G Words III
3
1-10 Letter H Words III
4
1-10 Letter I Words III
5
Greek Alphabet Match
6
Arabic Numerals
7
Ends in ELL Minefield
8
1-10 Letter J Words III
9
1-10 Letter L Words III
10
1-10 Letter M Words III
Explore More
Trending Topics
NBA
Crossword
Disney
Harry Potter
Kpop
Marvel
Anime
NFL
The Office
Pokémon
WWE
Song
Country
Soccer
Puzzle
hide this ad
More By:
LionKing
Quiz
Plays
Rating
Category
Featured
Created
Country Cruncher
2,555
3.15
Geography
Apr 3, 2010
Greek Alphabet in Physics
1,993
2.73
Science
Jan 10, 2010
Unusual Deaths
1,589
4.13
History
May 14, 2010
Most US Military Personnel
999
3.93
Geography
Nov 26, 2009
TV character by hates
303
3.25
Television
Jul 13, 2010
Go to Creator's Profile
Score Distribution
Quiz Creator Spotlight
LionKing
Follow
Send a Message
Quizzes Created
-
Created Quiz Play Count
-
More By This Creator
Popular Quizzes Today
1
Find the 'City' Movie
2
5x2 Blitz: Bands
3
Colored Red Africa Blitz
4
Find the US States - No Outlines Minefield
5
The Countries of the World
6
Find the US States
7
9x9 Crossword: Cartoon Network
8
US States
More Language Quizzes
European Language Colors
Published
Trending Quizzes
Colored Red Europe Blitz I
Colored Red Africa Blitz II
Colored Red Europe Blitz III
Colored Red Europe Blitz II
Colored Red Africa Blitz III
Recently Updated
Champions League XIs: Real Madrid
pecheneg
Largest US Cities 1790-2010
pecheneg
Rides in Walt Disney World
pecheneg
Most Oscar Losses (Acting)
pecheneg
Beyoncé Albums
pecheneg
Leaping Animals
pecheneg
Reality TV Shows (A-Z)
bhenderson79
Rickey Henderson's Hall of Fame Teammates
pecheneg
Champions League XIs: Arsenal
pecheneg
Quick Pick: Celebrities in WWE's Hall of Fame
aduchscher
Trending Topics
NBA
Kpop
Anime
Crossword
Disney
Marvel
Harry Potter
WWE
Song
Country
Puzzle
NFL
Soccer
The Office
Pokémon
Your Account Isn't Verified!
In order to create a playlist on Sporcle, you need to verify the email address you used during registration. Go to your
Sporcle Settings
to finish the process.
Report this User
Report this user for behavior that violates our
Community Guidelines
.
Details:
Send Report
Go to the Sporcle.com Mobile Site →
Comments